000 00582nam a2200205Ia 4500
005 20250923145209.0
008 008 250917s9999 xx 000 0 eng d
037 _aTextual
040 _aDSWL
_beng
_cDSWL
041 _aeng
_2eng
084 _aZ56,111-8, N67
_qDSWL
100 _aCavenagh, W.E.
_9832788
245 0 _aJuvenile courts the child & the law
_cby W.E. Cavenagh
260 _aEngland
_bPenguin Books
_c1967
300 _aix,389p.
365 _aINR
_b6
925 _g6
942 _cTEXL
_hZ56,111-8, N67
999 _c1448339
_d1448339